UM Logo
Normal view MARC view
  • Autistic children

Entry Topical Term

Number of records used in: 1

001 - CONTROL NUMBER

  • control field: 56118

003 - CONTROL NUMBER IDENTIFIER

  • control field: OSt

005 - DATE AND TIME OF LATEST TRANSACTION

  • control field: 20240404140451.0

008 - FIXED-LENGTH DATA ELEMENTS

  • fixed length control field: 240404|| aca||aabn | a|a d

040 ## - CATALOGING SOURCE

  • Original cataloging agency: OSt
  • Transcribing agency: OSt

150 ## - HEADING--TOPICAL TERM

  • Topical term or geographic name entry element: Autistic children
  • Geographic subdivision: Philippines
  • General subdivision: Therapeutics.

670 ## - SOURCE DATA FOUND

  • Source citation: Work cat.: (OSt)20002: Carandang, Ma. Lourdes A. 55996, Making connections :, ©1993.